000 00397nam a2200157Ia 4500
008 100122s9999 xx 000 0 und d
082 _b72859
_aBM823.08
100 _aBLYTON ENID
245 _aSECRET SEVEN WIN THROUGH
250 _a1
260 _bHODDER CHILDREN`S BOOK
_c2007
300 _a122
630 _aSECRET SEVEN WIN THROUGH
730 _aSECRET SEVEN WIN THROUGH
942 _cBOOK
999 _c388780
_d388777